| 000 | 00506nam a22001937a 4500 | ||
|---|---|---|---|
| 003 | MPLRDC | ||
| 005 | 20220104143018.0 | ||
| 008 | 210129b ||||| |||| 00| 0 eng d | ||
| 020 | _a957-459-761-X | ||
| 082 | _a529.61 WET c.2 | ||
| 100 | _aCARL WETER小卡尔.威特 | ||
| 245 |
_a后天神童 _c王雪琴译 |
||
| 250 | _a再版 | ||
| 260 |
_a _b风信子文化 _c2003 |
||
| 300 | _b平 | ||
| 490 | _a心识窗. 03 | ||
| 650 | _a特殊儿童教育--资赋优异教育 | ||
| 942 |
_cBK _o529.61 WET c.2 |
||
| 999 |
_c35772 _d35762 |
||